|
|
|
|
| LEADER |
00000nab a2200000 a 4500 |
| 001 |
vtls008874377 |
| 003 |
SK-MaSNL |
| 005 |
20260305002045.0 |
| 008 |
250505c2005 xo 0 slo |
| 015 |
|
|
|a SNBCL2005/5
|
| 035 |
|
|
|a SLK035792
|
| 035 |
|
|
|a urn:nbn:sk:snk-ab721b
|
| 035 |
|
|
|a (uuid)296536a3-9b36-47b9-9927-ce1ab093628c
|
| 035 |
|
|
|a (urnnbn)urn:nbn:sk:snk:ar-a06mza
|
| 035 |
|
|
|a (sysno)vtls008874377
|
| 040 |
|
|
|a SNKBUCL
|b slo
|c SNKBUCL
|e AACR2
|
| 041 |
0 |
|
|a slo
|
| 044 |
|
|
|a xo
|c SK
|
| 080 |
|
|
|a 616-092:616.248:061.3
|2 1981
|
| 100 |
1 |
|
|a Paulovičová, Ema
|4 aut
|9 8899
|
| 245 |
1 |
0 |
|a Transfer faktor a oxidatívny stres
|c E. Paulovičová, Z. Blanáriková
|
| 650 |
0 |
7 |
|a faktor transferový
|x analýza
|2 MESH
|9 1189991
|
| 650 |
0 |
7 |
|a oxidačný stres
|2 MESH
|9 84767
|
| 650 |
0 |
7 |
|a peroxidácia lipidov
|x genetika
|2 MESH
|9 1577647
|
| 650 |
0 |
7 |
|a bronchitída chronická
|2 MESH
|9 926351
|
| 650 |
0 |
7 |
|a kolorimetria
|2 MESH
|9 21202
|
| 650 |
0 |
7 |
|a DNA (nukleová kyselina)
|2 MESH
|9 21363
|
| 700 |
1 |
|
|a Blanáriková, Zora
|4 aut
|9 509601
|
| 711 |
2 |
|
|a Zjazd slovenských a českých alergológov a klinických imunológov
|n (22. :
|d 2005 :
|c Prešov, Slovensko)
|4 aut
|9 97308
|
| 773 |
0 |
|
|t Klinická imunológia a alergológia
|g Zv. 15, č. 3 (2005), s. 23
|x 1335-0013
|
| 850 |
|
|
|a Slovenská národná knižnica
|
| 852 |
|
|
|a Slovenská národná knižnica
|
| 954 |
|
|
|a odborná, vedecká literatúra pôvodná (slovenská)
|2 lita
|
| 958 |
|
|
|a article2022
|
| 958 |
|
|
|a OND
|
| 958 |
|
|
|a EUIPO
|
| 999 |
|
|
|c 3223521
|d 3225451
|